1000 Yard Rushers NCAAF 2025 - Statistics

General Stats
  • This quiz has been taken 2 times
  • The average score is 3 of 31
Answer Stats
Yards Player % Correct
1,366 Kewan Lacy
100%
1,560 Ahmad Hardy
50%
1,132 Cam Edwards
50%
1,372 Jeremiyah Love
50%
1,051 Wayne Knight
50%
1,086 Anthony Hankerson
0%
1,241 Antwan Raymond
0%
1,147 Blake Horvath
0%
1,008 Byrum Brown
0%
1,075 Caden Creel
0%
1,216 Caleb Hawkins
0%
1,178 Cale Hellums
0%
1,581 Cam Cook
0%
1,023 Cameron Dickey
0%
1,007 Colton Joseph
0%
1,065 Dominic Richardson
0%
1,014 Dontae McMillan
0%
1,016 Dylan Riley
0%
1,451 Emmett Johnson
0%
1,339 Evan Dickens
0%
1,170 Jadan Baugh
0%
1,032 Jordan Gant
0%
1,303 Kaytron Allen
0%
1,298 Kejon Owens
0%
1,085 Kentrel Bullock
0%
1,022 Lincoln Pare
0%
1,229 LJ Martin
0%
1,237 Lucky Sutton
0%
1,070 Mike Washington
0%
1,141 Raleek Brown
0%
1,045 Robert Henry
0%
No matching quizzes found
Score Distribution
Percent of People with Each Score
Percentile by Number Answered
Your Score History
You have not taken this quiz